00750nam a2200229 i 4500001001000000003000900010005001700019007000300036008004100039020001800080040003000098041000800128082002300136100004500159245009600204264004200300300005500342336002700397337003300424338002800457504003500485000048448DO-SdBNP20250626091803.0ta190321s2014 dr ac 000 m spa d a9789993499015 aDO-SdBNPbspacBNPHUerda aspa 4aRD868.44bY47m222 aYermenos Forastieri, Pablo,eautor4aut.10aMás apuntes :b(universitarios, profesionales, partidarios) /cPablo Yermenos Forastieri. 1aSanto Domingo :bBamʹS Color,c2014. a235 páginas :bilustraciones, retratos ;c22 cm. atextobtxt2rdacontent asin mediaciónbn2rdamedia avolumenbnc2rdacarrier aBibliografía : páginas 235